[Event "OP-2016-0-03958"]
[Site "LSS email"]
[Date "2016.02.15"]
[Round "?"]
[White "Pech, Jaroslav Sr"]
[Black "Arriola, Roger"]
[Result "1-0"]
[WhiteElo "1551"]
[BlackElo "1105"]
[PlyCount "63"]
[EventDate "2016.02.11"]
[EventType "tourn (corr)"]
[EventRounds "4"]
[EventCountry "GER"]
[SourceTitle "Corr 2022"]
[Source "ChessBase"]
[SourceDate "2021.10.24"]
[SourceVersion "1"]
[SourceVersionDate "2021.10.24"]
[SourceQuality "1"]

1. d4 d5 2. c4 e6 3. Nc3 Nf6 4. Nf3 a6 5. cxd5 Nxd5 6. e4 Nxc3 7. bxc3 h6 8. Bd3 c5 9. d5 exd5 10. exd5 Bd6 11. Qe2+ Be7 12. c4 0-0 13. 0-0 f5 14. Re1 Bd6 15. Bb2 Bd7 16. Ne5 Be8 17. f4 Nd7 18. Qc2 Be7 19. Bxf5 Bf6 20. d6 Nxe5 21. fxe5 Bh4 22. g3 Qg5 23. Be6+ Kh8 24. Bd5 Bc6 25. Qg2 Bxd5 26. cxd5 Rf5 27. gxh4 Qxh4 28. Re4 Qh5 29. Rg4 Rxe5 30. Rxg7 Rae8 31. Rf1 Qe2 32. Rh7+ 1-0

[Event "OP-2016-0-03950"]
[Site "LSS email"]
[Date "2016.02.07"]
[Round "?"]
[White "Arriola, Roger"]
[Black "Kovacs, Arthur"]
[Result "0-1"]
[WhiteElo "1106"]
[BlackElo "2427"]
[PlyCount "80"]
[EventDate "2016.01.30"]
[EventType "tourn (corr)"]
[EventRounds "4"]
[EventCountry "GER"]
[SourceTitle "Corr 2022"]
[Source "ChessBase"]
[SourceDate "2021.10.24"]
[SourceVersion "1"]
[SourceVersionDate "2021.10.24"]
[SourceQuality "1"]

1. d4 Nf6 2. Nf3 e6 3. h3 c5 4. c3 b6 5. b3 cxd4 6. cxd4 Ba6 7. Nbd2 Nc6 8. Bb2 d5 9. a3 Bd6 10. e3 Bxf1 11. Nxf1 Qe7 12. N1d2 Rc8 13. b4 0-0 14. 0-0 Rc7 15. Qe2 Rfc8 16. Rfc1 g6 17. Ne5 Nxe5 18. dxe5 Bxe5 19. Rxc7 Qxc7 20. Rc1 Qxc1+ 21. Bxc1 Rxc1+ 22. Nf1 Ne4 23. g3 Ra1 24. Kg2 Rxa3 25. f4 Bg7 26. Qb5 Bf8 27. h4 a5 28. bxa5 bxa5 29. Qb2 a4 30. Nd2 Rxe3 31. Nxe4 dxe4 32. Qf6 Rb3 33. h5 a3 34. hxg6 hxg6 35. g4 a2 36. f5 exf5 37. gxf5 Rf3 38. Qa1 Ra3 39. fxg6 fxg6 40. Kf2 Bg7 0-1

[Event "RN-2016-0-01072"]
[Site "LSS email"]
[Date "2016.01.01"]
[Round "?"]
[White "Hickl, Norbert"]
[Black "Arriola, Roger"]
[Result "0-1"]
[WhiteElo "817"]
[BlackElo "1073"]
[PlyCount "60"]
[EventDate "2015.12.25"]
[EventType "tourn (corr)"]
[EventRounds "6"]
[EventCountry "GER"]
[SourceTitle "Corr 2022"]
[Source "ChessBase"]
[SourceDate "2021.10.24"]
[SourceVersion "1"]
[SourceVersionDate "2021.10.24"]
[SourceQuality "1"]

1. c4 e6 2. g3 c6 3. Bg2 Nf6 4. Nf3 Be7 5. 0-0 0-0 6. d4 d6 7. Nc3 Nbd7 8. b4 a6 9. a4 Nb6 10. Qb3 Bd7 11. a5 Nc8 12. h3 b5 13. axb6 Nxb6 14. c5 Nbd5 15. Nxd5 Nxd5 16. e4 Nc7 17. Bf4 Nb5 18. cxd6 Nxd6 19. Ne5 Nb5 20. d5 cxd5 21. exd5 exd5 22. Bxd5 Be6 23. Bxe6 fxe6 24. Qxe6+ Kh8 25. Nf7+ Rxf7 26. Qxf7 Bf6 27. Rad1 Qc8 28. g4 Nd4 29. Bg3 Qc6 30. Rc1 Ne2+ 0-1

[Event "OP-2015-0-03821"]
[Site "LSS email"]
[Date "2015.09.20"]
[Round "?"]
[White "Buecker, Juergen"]
[Black "Arriola, Roger"]
[Result "1-0"]
[WhiteElo "2490"]
[BlackElo "1058"]
[PlyCount "41"]
[EventDate "2015.09.14"]
[EventType "tourn (corr)"]
[EventRounds "4"]
[EventCountry "GER"]
[SourceTitle "Corr 2022"]
[Source "ChessBase"]
[SourceDate "2021.10.24"]
[SourceVersion "1"]
[SourceVersionDate "2021.10.24"]
[SourceQuality "1"]

1. e4 d6 2. d4 c6 3. Nc3 e6 4. Nf3 Be7 5. Bd3 Nf6 6. 0-0 0-0 7. e5 dxe5 8. dxe5 Nd5 9. Ne4 f6 10. exf6 Nxf6 11. Qe2 Nbd7 12. Nfg5 Ne5 13. Nxf6+ Bxf6 14. Bxh7+ Kh8 15. Qh5 Bxg5 16. Bxg5 Rf6 17. Rfd1 Bd7 18. Bg6+ Kg8 19. Qh7+ Kf8 20. Qh8+ Ke7 21. Qxg7+ 1-0

[Event "RN-2015-0-00945"]
[Site "LSS email"]
[Date "2015.03.21"]
[Round "?"]
[White "Ortiz, Juan Guillermo"]
[Black "Arriola, Roger"]
[Result "0-1"]
[WhiteElo "486"]
[BlackElo "1079"]
[PlyCount "98"]
[EventDate "2015.03.12"]
[EventType "tourn (corr)"]
[EventRounds "6"]
[EventCountry "GER"]
[SourceTitle "Corr 2022"]
[Source "ChessBase"]
[SourceDate "2021.10.24"]
[SourceVersion "1"]
[SourceVersionDate "2021.10.24"]
[SourceQuality "1"]

1. e4 e5 2. Bc4 Nf6 3. d3 d6 4. h3 Bd7 5. Nf3 h6 6. Nc3 c6 7. a3 b5 8. Ba2 Be7 9. Nh4 d5 10. exd5 Nxd5 11. g3 Be6 12. Bd2 Nxc3 13. Bxc3 Bxa2 14. Rxa2 Qd5 15. Nf3 Qxa2 16. 0-0 f6 17. Nh4 Qf7 18. Nf5 0-0 19. Qg4 Kh7 20. d4 Rg8 21. Nxe7 Qxe7 22. Qf5+ g6 23. Qg4 f5 24. Qe2 e4 25. b4 Na6 26. f3 Rae8 27. fxe4 Qxe4 28. Qxe4 Rxe4 29. Rf2 Nc7 30. Kg2 Nd5 31. Bb2 Rge8 32. c3 Re2 33. Bc1 Rxf2+ 34. Kxf2 Nxc3 35. Kf3 g5 36. Bd2 Nd5 37. h4 g4+ 38. Kf2 h5 39. Kf1 Ne3+ 40. Kf2 Nc2 41. Bc1 Nxd4 42. Be3 Re4 43. Bxd4 Rxd4 44. Ke3 Re4+ 45. Kd3 Kg6 46. Kd2 f4 47. gxf4 Rxf4 48. Ke3 Kf5 49. Kd2 Rf3 0-1

[Event "RN-2015-0-00945"]
[Site "LSS email"]
[Date "2015.03.20"]
[Round "?"]
[White "Bortnicker, Justin"]
[Black "Arriola, Roger"]
[Result "1-0"]
[WhiteElo "912"]
[BlackElo "1079"]
[PlyCount "123"]
[EventDate "2015.03.12"]
[EventType "tourn (corr)"]
[EventRounds "6"]
[EventCountry "GER"]
[SourceTitle "Corr 2022"]
[Source "ChessBase"]
[SourceDate "2021.10.24"]
[SourceVersion "1"]
[SourceVersionDate "2021.10.24"]
[SourceQuality "1"]

1. e4 e5 2. Nf3 d6 3. Bc4 h6 4. d4 exd4 5. Qxd4 Qe7 6. 0-0 Nc6 7. Qd1 Bg4 8. h3 Bxf3 9. Qxf3 Ne5 10. Qb3 Nxc4 11. Qxc4 c6 12. Nc3 Qe6 13. Qe2 g6 14. Re1 Ne7 15. Qe3 Bg7 16. Rb1 0-0 17. Bd2 Kh7 18. Ne2 g5 19. Ng3 f5 20. exf5 Qxe3 21. Rxe3 Nxf5 22. Nxf5 Rxf5 23. Re7 Raf8 24. Be3 Ra5 25. Rxb7 Rxa2 26. Bxa7 Kg6 27. c3 Ra8 28. Be3 Be5 29. Rb6 Ra1 30. Rf1 Rxf1+ 31. Kxf1 Ra1+ 32. Ke2 Rb1 33. Kd2 Kf6 34. Kc2 Rg1 35. g3 Rg2 36. Kd3 Ke7 37. Rxc6 Kd7 38. Ra6 Rh2 39. b4 Rxh3 40. Ra1 g4 41. b5 Kc8 42. Rg1 h5 43. Bd4 Bxd4 44. Kxd4 h4 45. Kd5 Kd7 46. c4 hxg3 47. Rxg3 Rh1 48. Rxg4 Rd1+ 49. Rd4 Rf1 50. f4 Rf2 51. c5 Rc2 52. cxd6 Rb2 53. Kc5 Rc2+ 54. Kb6 Rb2 55. f5 Kd8 56. Rd5 Kd7 57. Kb7 Rb1 58. b6 Rb2 59. Ka6 Rc2 60. b7 Rh2 61. b8Q Ra2+ 62. Ra5 1-0

[Event "IECC CL0-2015.00 email"]
[Site "IECC email"]
[Date "2015.02.26"]
[Round "?"]
[White "Garcia, Juan Jose"]
[Black "Arriola, Roger"]
[Result "1-0"]
[WhiteElo "1271"]
[BlackElo "1085"]
[PlyCount "114"]
[EventDate "2015.01.30"]
[EventType "tourn (corr)"]
[EventRounds "4"]
[SourceTitle "Corr 2022"]
[Source "ChessBase"]
[SourceDate "2021.10.24"]
[SourceVersion "1"]
[SourceVersionDate "2021.10.24"]
[SourceQuality "1"]

1. e4 e5 2. Nf3 Nc6 3. Bb5 Bd6 4. 0-0 Nge7 5. Re1 0-0 6. Nc3 a6 7. Bf1 f6 8. d4 exd4 9. Nxd4 Nxd4 10. Qxd4 Kh8 11. f4 Nc6 12. Qf2 b6 13. Be3 Ne7 14. Rad1 Bb7 15. Bxb6 cxb6 16. Rxd6 b5 17. Qd2 Bc6 18. Bd3 Qb6+ 19. Qf2 Qa5 20. Qc5 Rfc8 21. Rxf6 gxf6 22. Qxe7 Qb6+ 23. Kh1 Rf8 24. Nd5 Qf2 25. Rf1 Qh4 26. c4 Rae8 27. Qd6 Bxd5 28. cxd5 Rd8 29. g3 Qh3 30. Rc1 Rf7 31. e5 Qg4 32. Kg2 fxe5 33. Qxe5+ Qg7 34. Rc7 d6 35. Qxg7+ Kxg7 36. Rc6 Ra7 37. g4 h6 38. Kg3 Kf6 39. h4 Ke7 40. g5 Rg8 41. Kg4 Rg7 42. f5 hxg5 43. hxg5 Rf7 44. f6+ Rxf6 45. gxf6+ Kxf6 46. Rxd6+ Ke5 47. Rd8 b4 48. d6 a5 49. Bb5 Rb7 50. Ba4 Rg7+ 51. Kf3 Rf7+ 52. Ke3 Rh7 53. d7 Re7 54. Re8 Kd6+ 55. Kd4 Rxd7 56. Bxd7 Kxd7 57. Ra8 Kc6 1-0

[Event "RF-2015-0-00225"]
[Site "LSS email"]
[Date "2015.02.25"]
[Round "?"]
[White "Linart, Ludvik"]
[Black "Arriola, Roger"]
[Result "1-0"]
[WhiteElo "987"]
[BlackElo "1094"]
[PlyCount "39"]
[EventDate "2015.02.03"]
[EventType "tourn (corr)"]
[EventRounds "6"]
[EventCountry "GER"]
[SourceTitle "Corr 2022"]
[Source "ChessBase"]
[SourceDate "2021.10.24"]
[SourceVersion "1"]
[SourceVersionDate "2021.10.24"]
[SourceQuality "1"]

1. d4 d5 2. c4 Nf6 3. Nf3 e6 4. Nc3 Bb4 5. e3 Bxc3+ 6. bxc3 c6 7. Bd3 dxc4 8. Bxc4 b5 9. Be2 Ne4 10. Qc2 f5 11. 0-0 Nd7 12. Bd3 Ndf6 13. Ne5 Qd5 14. Ba3 a5 15. c4 Qd8 16. cxb5 Nd6 17. Qxc6+ Bd7 18. Qxd6 Ng4 19. Nc6 Bxc6 20. Qxe6+ 1-0

[Event "OP-2015-0-03654"]
[Site "LSS email"]
[Date "2015.02.24"]
[Round "?"]
[White "Arriola, Roger"]
[Black "Perez, Zancasteabro"]
[Result "0-1"]
[WhiteElo "1118"]
[BlackElo "1250"]
[PlyCount "98"]
[EventDate "2015.02.21"]
[EventType "tourn (corr)"]
[EventRounds "4"]
[EventCountry "GER"]
[SourceTitle "Corr 2022"]
[Source "ChessBase"]
[SourceDate "2021.10.24"]
[SourceVersion "1"]
[SourceVersionDate "2021.10.24"]
[SourceQuality "1"]

1. e4 e5 2. Nf3 Nf6 3. d3 Nc6 4. Nc3 h6 5. Be2 Be7 6. a3 0-0 7. 0-0 d5 8. exd5 Nxd5 9. Nxd5 Qxd5 10. c4 Qd8 11. Bd2 Bg4 12. Bc3 Bf6 13. Qc2 Re8 14. Rfe1 Bf5 15. Rad1 Qd7 16. Rd2 Nd4 17. Bxd4 exd4 18. Qd1 Rad8 19. Kh1 b6 20. Bf1 a5 21. Rxe8+ Rxe8 22. Re2 c5 23. Rxe8+ Qxe8 24. Be2 g6 25. Qf1 b5 26. b3 a4 27. bxa4 bxc4 28. dxc4 Qxa4 29. Bd3 Be6 30. Qc1 Kg7 31. h3 Qb3 32. Bf1 Bxh3 33. Nxd4 Bxd4 34. gxh3 Bxf2 35. Bg2 Bd4 36. Bf1 Qg3 37. Bg2 Be5 38. Kg1 Qh2+ 39. Kf2 Bd4+ 40. Kf3 g5 41. a4 f5 42. Qd2 Kf6 43. a5 h5 44. a6 g4+ 45. hxg4 hxg4+ 46. Ke2 Qxg2+ 47. Ke1 Qh1+ 48. Ke2 Qf3+ 49. Ke1 Bc3 0-1

[Event "IECC CL0-2015.00 email"]
[Site "IECC email"]
[Date "2015.02.24"]
[Round "?"]
[White "De Booij, Marco"]
[Black "Arriola, Roger"]
[Result "1-0"]
[WhiteElo "1185"]
[BlackElo "1085"]
[PlyCount "85"]
[EventDate "2015.01.30"]
[EventType "tourn (corr)"]
[EventRounds "4"]
[SourceTitle "Corr 2022"]
[Source "ChessBase"]
[SourceDate "2021.10.24"]
[SourceVersion "1"]
[SourceVersionDate "2021.10.24"]
[SourceQuality "1"]

1. e4 e5 2. Nf3 d6 3. d4 exd4 4. Qxd4 Nc6 5. Bb5 Bd7 6. Bxc6 Bxc6 7. Nc3 Nf6 8. Bg5 Be7 9. 0-0-0 Qd7 10. Rhe1 h6 11. Bh4 a6 12. e5 dxe5 13. Qxe5 Qe6 14. Qxc7 Rc8 15. Qg3 Be4 16. Bxf6 Rxc3 17. bxc3 Ba3+ 18. Kd2 Qd5+ 19. Bd4 Kd7 20. Ne5+ Kc8 21. f3 Bg6 22. Nxg6 fxg6 23. Qxg6 Qd8 24. Ke2 Re8+ 25. Kf2 Qh4+ 26. Qg3 Qxg3+ 27. Kxg3 Rg8 28. Re6 g6 29. Rde1 Kd7 30. Rb6 h5 31. Rxb7+ Kc8 32. Ra7 Kb8 33. Rxa6 Bf8 34. Re8+ Kb7 35. Rxf8 Rxf8 36. Rxg6 Rf5 37. Rg7+ Kc6 38. a4 h4+ 39. Kxh4 Ra5 40. Ra7 Rd5 41. a5 Rb5 42. a6 Ra5 43. Ra8 1-0

[Event "RF-2015-0-00222"]
[Site "LSS email"]
[Date "2015.02.12"]
[Round "?"]
[White "Siegert, Daniel"]
[Black "Arriola, Roger"]
[Result "1/2-1/2"]
[WhiteElo "1316"]
[BlackElo "1093"]
[PlyCount "98"]
[EventDate "2015.01.22"]
[EventType "tourn (corr)"]
[EventRounds "6"]
[EventCountry "GER"]
[SourceTitle "Corr 2022"]
[Source "ChessBase"]
[SourceDate "2021.10.24"]
[SourceVersion "1"]
[SourceVersionDate "2021.10.24"]
[SourceQuality "1"]

1. e4 e5 2. Nf3 Nc6 3. Bb5 Nge7 4. 0-0 a6 5. Ba4 h6 6. d4 exd4 7. Nxd4 Nxd4 8. Qxd4 b5 9. Bb3 d6 10. c4 c5 11. Qd1 b4 12. Nd2 Bd7 13. Nf3 Ng6 14. Re1 Be6 15. Ba4+ Bd7 16. e5 dxe5 17. Nxe5 Nxe5 18. Rxe5+ Be7 19. Be3 Bxa4 20. Qxa4+ Kf8 21. Re1 f6 22. Rd5 Qb6 23. Red1 g5 24. f4 Kf7 25. fxg5 hxg5 26. Rf5 Qe6 27. Rf3 Qe5 28. Qc2 Qxh2+ 29. Kf2 g4 30. Rg3 Qh5 31. Qe4 Rhg8 32. Rd5 Qg6 33. Qxg6+ Rxg6 34. Bxc5 Bxc5+ 35. Rxc5 Rd8 36. Ke3 Rd6 37. b3 Ke6 38. Kf4 Rd4+ 39. Ke3 Rd6 40. Ra5 f5 41. a3 bxa3 42. Rxa3 Rf6 43. Ke2 Ke5 44. c5 Rd4 45. Rc3 Kd5 46. Ra4 Re6+ 47. Re3 Rxe3+ 48. Kxe3 Rxa4 49. bxa4 Kxc5 1/2-1/2

[Event "OP-2015-0-03627"]
[Site "LSS email"]
[Date "2015.01.24"]
[Round "?"]
[White "Arriola, Roger"]
[Black "Lombardi, Donato"]
[Result "1/2-1/2"]
[WhiteElo "1084"]
[BlackElo "830"]
[PlyCount "85"]
[EventDate "2015.01.17"]
[EventType "tourn (corr)"]
[EventRounds "4"]
[EventCountry "GER"]
[SourceTitle "Corr 2022"]
[Source "ChessBase"]
[SourceDate "2021.10.24"]
[SourceVersion "1"]
[SourceVersionDate "2021.10.24"]
[SourceQuality "1"]

1. e4 e6 2. Nc3 d5 3. exd5 exd5 4. d4 Nf6 5. Nf3 Bd6 6. Bg5 Be6 7. h3 Nbd7 8. Bd3 0-0 9. Qd2 Re8 10. 0-0-0 h6 11. Bh4 c6 12. Kb1 Qc7 13. Bxf6 Nxf6 14. Rhe1 Bb4 15. Ne5 a5 16. a4 c5 17. Qe3 Bxc3 18. bxc3 Rab8 19. Bb5 Rec8 20. dxc5 Ne4 21. f3 Nxc5 22. Qd4 Na6 23. Re2 Qc5 24. Kb2 Qxd4 25. cxd4 Nb4 26. c3 Nc6 27. Ka3 Nxe5 28. Rxe5 Rxc3+ 29. Kb2 Rbc8 30. Re2 g5 31. Rdd2 Kg7 32. Rc2 Rxc2+ 33. Rxc2 Rxc2+ 34. Kxc2 Kf6 35. g4 Ke7 36. Kc3 Kd6 37. Kb3 Bd7 38. Be2 Be6 39. Kc3 f5 40. Bd3 fxg4 41. fxg4 Bd7 42. Kb3 b6 43. Ka3 1/2-1/2

[Event "OP-2015-0-03627"]
[Site "LSS email"]
[Date "2015.01.24"]
[Round "?"]
[White "Rakus, Klaus"]
[Black "Arriola, Roger"]
[Result "1-0"]
[WhiteElo "1885"]
[BlackElo "1084"]
[PlyCount "51"]
[EventDate "2015.01.17"]
[EventType "tourn (corr)"]
[EventRounds "4"]
[EventCountry "GER"]
[SourceTitle "Corr 2022"]
[Source "ChessBase"]
[SourceDate "2021.10.24"]
[SourceVersion "1"]
[SourceVersionDate "2021.10.24"]
[SourceQuality "1"]

1. d4 d5 2. Nf3 Nf6 3. e3 Nc6 4. c4 b6 5. cxd5 Qxd5 6. Nc3 Qd6 7. d5 Ne5 8. Nb5 Nxf3+ 9. Qxf3 Qd7 10. d6 Rb8 11. dxc7 Rb7 12. Be2 e5 13. 0-0 Rxc7 14. Rd1 Qc6 15. Nxc7+ Qxc7 16. Bb5+ Bd7 17. Qa8+ Ke7 18. Bxd7 Nxd7 19. b3 g6 20. Ba3+ Nc5 21. b4 Bg7 22. bxc5 Rxa8 23. cxb6+ Ke6 24. bxc7 Rc8 25. Rac1 Bf6 26. e4 1-0

[Event "IECC CL0-2015.00 email"]
[Site "IECC email"]
[Date "2015.01.03"]
[Round "?"]
[White "Arriola, Roger"]
[Black "Slavin, Pablo"]
[Result "1/2-1/2"]
[WhiteElo "1069"]
[BlackElo "1081"]
[PlyCount "70"]
[EventDate "2014.11.27"]
[EventType "tourn (corr)"]
[EventRounds "4"]
[SourceTitle "Corr 2022"]
[Source "ChessBase"]
[SourceDate "2021.10.24"]
[SourceVersion "1"]
[SourceVersionDate "2021.10.24"]
[SourceQuality "1"]

1. e4 c5 2. Bc4 Nc6 3. Nf3 e6 4. Nc3 a6 5. a3 g6 6. d4 cxd4 7. Nxd4 Nge7 8. Be3 Bg7 9. 0-0 0-0 10. Qd2 Qc7 11. Bb3 d6 12. f4 Nxd4 13. Bxd4 Bxd4+ 14. Qxd4 Qc5 15. Rad1 Qxd4+ 16. Rxd4 e5 17. Rxd6 exf4 18. Rxf4 Nc6 19. Rdf6 Ne5 20. Rf1 Bd7 21. Nd5 Kg7 22. Nb6 Rad8 23. Rd6 Bc6 24. Rxd8 Rxd8 25. Re1 Rd4 26. Bd5 Rd2 27. Rc1 f6 28. h3 Kf8 29. Bxc6 Nxc6 30. Kf1 Ke7 31. Nc4 Rd4 32. b3 Rxe4 33. Re1 Rxe1+ 34. Kxe1 b5 35. Ne3 Ke6 1/2-1/2

[Event "IECC CL0-2015.00 email"]
[Site "IECC email"]
[Date "2015.01.02"]
[Round "?"]
[White "Lukin, Andrey"]
[Black "Arriola, Roger"]
[Result "1-0"]
[WhiteElo "800"]
[BlackElo "1069"]
[PlyCount "50"]
[EventDate "2014.11.27"]
[EventType "tourn (corr)"]
[EventRounds "4"]
[SourceTitle "Corr 2022"]
[Source "ChessBase"]
[SourceDate "2021.10.24"]
[SourceVersion "1"]
[SourceVersionDate "2021.10.24"]
[SourceQuality "1"]

1. e4 d6 2. d4 c6 3. c4 e6 4. Nc3 Ne7 5. f4 g6 6. Nf3 Bg7 7. Be2 b6 8. Be3 0-0 9. Qd2 a5 10. 0-0 Na6 11. a3 Bd7 12. c5 dxc5 13. Bxa6 Rxa6 14. dxc5 b5 15. Rad1 Ra7 16. Ne5 Bxe5 17. fxe5 b4 18. Na4 Qc7 19. Bg5 Qxe5 20. Bxe7 Re8 21. Bf6 Qh5 22. Rf3 e5 23. Nb6 Be6 24. Qd8 Rae7 25. Qxe7 Rf8 1-0

[Event "IECC CL0-2015.00 email"]
[Site "IECC email"]
[Date "2015.01.01"]
[Round "?"]
[White "Arriola, Roger"]
[Black "Rada, Karel"]
[Result "1-0"]
[WhiteElo "1069"]
[BlackElo "1320"]
[PlyCount "45"]
[EventDate "2014.11.27"]
[EventType "tourn (corr)"]
[EventRounds "4"]
[SourceTitle "Corr 2022"]
[Source "ChessBase"]
[SourceDate "2021.10.24"]
[SourceVersion "1"]
[SourceVersionDate "2021.10.24"]
[SourceQuality "1"]

1. e4 d6 2. Nc3 g6 3. Nf3 Bg7 4. d4 Nf6 5. Bc4 c5 6. d5 Nbd7 7. 0-0 a6 8. a3 b5 9. Be2 Rb8 10. Nd2 Qb6 11. Kh1 a5 12. Nxb5 Ba6 13. a4 0-0 14. f3 Nh5 15. Nc4 Qd8 16. Qe1 Bxb5 17. axb5 Ne5 18. Nxa5 Qb6 19. f4 Nd7 20. c4 Nhf6 21. Bd3 Ra8 22. Bd2 Ne8 23. Bc3 1-0

[Event "IECC CL0-2015.00 email"]
[Site "IECC email"]
[Date "2015.01.01"]
[Round "?"]
[White "Arriola, Roger"]
[Black "Shim Ng Min, Francis"]
[Result "0-1"]
[WhiteElo "1069"]
[BlackElo "1262"]
[PlyCount "126"]
[EventDate "2014.11.27"]
[EventType "tourn (corr)"]
[EventRounds "4"]
[SourceTitle "Corr 2022"]
[Source "ChessBase"]
[SourceDate "2021.10.24"]
[SourceVersion "1"]
[SourceVersionDate "2021.10.24"]
[SourceQuality "1"]

1. e4 c5 2. Bc4 e6 3. Nc3 d6 4. Nf3 Nf6 5. d4 cxd4 6. Nxd4 Be7 7. Nde2 0-0 8. Nf4 Nc6 9. 0-0 Bd7 10. a3 a6 11. Bd3 Ne5 12. Be3 Nxd3 13. cxd3 Rc8 14. h3 h6 15. Na4 Bxa4 16. Qxa4 Qd7 17. Qb3 Rc6 18. Rac1 Rfc8 19. Rxc6 Rxc6 20. Rc1 Rxc1+ 21. Bxc1 Qc6 22. Be3 Nd7 23. d4 Qxe4 24. d5 e5 25. Ne2 b5 26. Nc3 Qd3 27. Qb4 Qc4 28. Qa5 Qc8 29. Qb4 Nf6 30. a4 Qc4 31. Qxc4 bxc4 32. f3 Bd8 33. Kf2 Ba5 34. Ne4 Ne8 35. Ke2 f5 36. Nc3 Bxc3 37. bxc3 Nf6 38. a5 Nxd5 39. Bd2 f4 40. Kf2 Kf7 41. h4 h5 42. g4 fxg3+ 43. Kxg3 Ke6 44. Be1 Nf4 45. Bd2 Nd3 46. Be3 Kd5 47. f4 Ke4 48. Ba7 exf4+ 49. Kg2 Nc5 50. Kf2 Kd3 51. Kf3 Ne6 52. Bf2 Kxc3 53. Ke4 Kd2 54. Kf5 c3 55. Kxe6 c2 56. Kxd6 c1Q 57. Ke5 Ke2 58. Bb6 f3 59. Kf5 f2 60. Kg6 Qh6+ 61. Kf7 f1Q+ 62. Kg8 g5 63. Bc5 Qff6 0-1

[Event "OP-2014-0-03572"]
[Site "LSS email"]
[Date "2014.12.01"]
[Round "?"]
[White "Arriola, Roger"]
[Black "O'Brien, Glenn"]
[Result "1/2-1/2"]
[WhiteElo "973"]
[BlackElo "1319"]
[PlyCount "154"]
[EventDate "2014.11.26"]
[EventType "tourn (corr)"]
[EventRounds "4"]
[EventCountry "GER"]
[SourceTitle "Corr 2015"]
[Source "ChessBase"]
[SourceDate "2015.07.17"]
[SourceVersion "1"]
[SourceVersionDate "2015.07.17"]
[SourceQuality "1"]

1. e4 e5 2. Nf3 Nc6 3. Bc4 Nf6 4. Nc3 Bc5 5. a3 d6 6. h3 0-0 7. d3 h6 8. 0-0 a6 9. b4 Ba7 10. Nd5 Nxd5 11. Bxd5 Ne7 12. Bb3 Kh8 13. Be3 f5 14. exf5 Nxf5 15. Bxa7 Rxa7 16. c3 Qf6 17. d4 Be6 18. d5 Bd7 19. Bc2 c6 20. c4 cxd5 21. cxd5 Bb5 22. Re1 Nd4 23. Be4 b6 24. Ra2 Bc4 25. Rb2 Nxf3+ 26. Bxf3 e4 27. Rc2 Bxd5 28. Rd2 exf3 29. Rxd5 fxg2 30. Re2 Re7 31. Rxd6 Qf3 32. Rd8 Ref7 33. Rd3 Qh5 34. Kxg2 Rf3 35. Rxf3 Qxf3+ 36. Kh2 Qxa3 37. Qd6 Qf3 38. Qd2 Qf4+ 39. Kg2 Qxd2 40. Rxd2 Rf4 41. Ra2 Rxb4 42. Rxa6 b5 43. Rb6 Rb3 44. h4 b4 45. h5 Kg8 46. f3 Rb2+ 47. Kg3 Rb1 48. Kf4 b3 49. Kf5 b2 50. Rb7 Rh1 51. Rxb2 Rxh5+ 52. Ke6 Rh3 53. Rb8+ Kh7 54. f4 h5 55. Rb7 h4 56. Rb1 Rg3 57. Rh1 h3 58. Kf7 Re3 59. f5 Kh6 60. Rg1 h2 61. Rh1 Rh3 62. Ke6 Kg5 63. Ke5 Kg4 64. Ke6 Kg3 65. Kf7 Kg2 66. Rxh2+ Kxh2 67. Kxg7 Rg3+ 68. Kf7 Kh3 69. f6 Kh4 70. Ke7 Re3+ 71. Kd7 Rf3 72. Ke7 Kg5 73. f7 Re3+ 74. Kd7 Rd3+ 75. Ke7 Rf3 76. f8Q Rxf8 77. Kxf8 Kf5 1/2-1/2

[Event "OP-2014-0-03572"]
[Site "LSS email"]
[Date "2014.12.01"]
[Round "?"]
[White "Ederer, Karel"]
[Black "Arriola, Roger"]
[Result "1-0"]
[WhiteElo "1861"]
[BlackElo "973"]
[PlyCount "74"]
[EventDate "2014.11.26"]
[EventType "tourn (corr)"]
[EventRounds "4"]
[EventCountry "GER"]
[SourceTitle "Corr 2015"]
[Source "ChessBase"]
[SourceDate "2015.07.17"]
[SourceVersion "1"]
[SourceVersionDate "2015.07.17"]
[SourceQuality "1"]

1. d4 d5 2. c4 c6 3. cxd5 cxd5 4. Nc3 e6 5. Nf3 Nf6 6. Bf4 Bd6 7. Bxd6 Qxd6 8. e3 a6 9. Ne5 0-0 10. Bd3 Nbd7 11. f4 Nb6 12. 0-0 Nbd7 13. g4 g6 14. Qe1 Kg7 15. Qh4 Rh8 16. g5 Nh5 17. Be2 Qe7 18. Bxh5 gxh5 19. Qxh5 h6 20. gxh6+ Rxh6 21. Qg5+ Qxg5+ 22. fxg5 Rh7 23. Rxf7+ Kg8 24. Raf1 Rxf7 25. Nxf7 Nb6 26. Nh6+ Kg7 27. Rf7+ Kg6 28. h4 Bd7 29. Kf2 Rh8 30. Ne2 Rxh6 31. Rf6+ Kg7 32. Rxh6 Nc4 33. Ng3 Bc8 34. Nh5+ Kg8 35. g6 Nd6 36. g7 Nf7 37. Rg6 Nh8 1-0

[Event "RF-2014-0-00209"]
[Site "LSS email"]
[Date "2014.11.21"]
[Round "?"]
[White "Arriola, Roger"]
[Black "Trevis, Robert R"]
[Result "0-1"]
[WhiteElo "973"]
[BlackElo "1000"]
[PlyCount "81"]
[EventDate "2014.10.28"]
[EventType "tourn (corr)"]
[EventRounds "6"]
[EventCountry "GER"]
[SourceTitle "Corr 2015"]
[Source "ChessBase"]
[SourceDate "2015.07.17"]
[SourceVersion "1"]
[SourceVersionDate "2015.07.17"]
[SourceQuality "1"]

1. e4 e5 2. Nf3 Nf6 3. Nc3 Nc6 4. Bc4 Bc5 5. 0-0 d6 6. a3 Be6 7. Bxe6 fxe6 8. b4 Bd4 9. Qe2 0-0 10. Rb1 a5 11. Nb5 axb4 12. axb4 Ra2 13. d3 Qd7 14. Nfxd4 exd4 15. Na3 Ra8 16. Nb5 R8a4 17. Bg5 Qf7 18. Bxf6 Qxf6 19. Qe1 Rxc2 20. Ra1 Rxa1 21. Qxa1 Nxb4 22. Qa8+ Qf8 23. Qxf8+ Kxf8 24. Nxd4 Rc3 25. Nxe6+ Ke7 26. Nxg7 Nxd3 27. h4 Kf7 28. Nf5 b5 29. f3 b4 30. Ne3 c5 31. Rb1 Ke6 32. Kf1 c4 33. Ke2 Nf4+ 34. Kd2 Rd3+ 35. Kc1 Ne2+ 36. Kb2 Rxe3 37. Kc2 Nd4+ 38. Kd2 Re2+ 39. Kd1 c3 40. f4 c2+ 41. Kc1 0-1

[Event "RF-2014-0-00209"]
[Site "LSS email"]
[Date "2014.11.20"]
[Round "?"]
[White "Shim Ng Min, Francis"]
[Black "Arriola, Roger"]
[Result "1/2-1/2"]
[WhiteElo "1109"]
[BlackElo "973"]
[PlyCount "85"]
[EventDate "2014.10.28"]
[EventType "tourn (corr)"]
[EventRounds "6"]
[EventCountry "GER"]
[SourceTitle "Corr 2015"]
[Source "ChessBase"]
[SourceDate "2015.07.17"]
[SourceVersion "1"]
[SourceVersionDate "2015.07.17"]
[SourceQuality "1"]

1. e4 e5 2. Nf3 d6 3. d4 Nf6 4. Nc3 Bg4 5. dxe5 Bxf3 6. Qxf3 dxe5 7. Bd2 Nc6 8. Bb5 Bd6 9. 0-0-0 0-0 10. a3 Qc8 11. Bg5 Nd4 12. Qg3 Nxe4 13. Nxe4 Nxb5 14. Nf6+ Kh8 15. Qh4 Qf5 16. Rd3 Nd4 17. Rhd1 Ne6 18. Ne4 Nxg5 19. Nxg5 Qf4+ 20. Qxf4 exf4 21. Rf3 Rae8 22. Kd2 h6 23. Rh3 f6 24. Nf3 Kh7 25. Nd4 g6 26. Rb3 b6 27. Nb5 Bc5 28. Rf1 Rd8+ 29. Rd3 Rxd3+ 30. cxd3 a5 31. Nxc7 Rf7 32. Ne6 Bd6 33. f3 Re7 34. Nd8 Be5 35. Nc6 Re6 36. Nxe5 fxe5 37. Re1 Kg7 38. Re4 Kf6 39. g4 g5 40. Kc3 b5 41. b3 Rc6+ 42. Kd2 Rd6 43. Kc2 1/2-1/2